LIBRARY ONLINE CATALOGUE

Ross and Wilson anatomy and physiology in health and illness / (Record no. 20346)

MARC details
000 -LEADER
fixed length control field 01064cam a22003372 4500
001 - CONTROL NUMBER
control field 0000018872
003 - CONTROL NUMBER IDENTIFIER
control field OSt
005 - DATE AND TIME OF LATEST TRANSACTION
control field 20231024092615.0
008 - FIXED-LENGTH DATA ELEMENTS--GENERAL INFORMATION
fixed length control field 100810s xx 000 0 eng d
020 ## - INTERNATIONAL STANDARD BOOK NUMBER
International Standard Book Number 0323834612
040 ## - CATALOGING SOURCE
Original cataloging agency KABU
Transcribing agency KABU
050 ## - LIBRARY OF CONGRESS CALL NUMBER
Classification number RT69
Item number .W38 2023
100 1# - MAIN ENTRY--PERSONAL NAME
Personal name Waugh, Anne.
245 10 - TITLE STATEMENT
Title Ross and Wilson anatomy and physiology in health and illness /
Statement of responsibility, etc. Anne Waugh & Allison Grant.
250 ## - EDITION STATEMENT
Edition statement 14th ed.
260 ## - PUBLICATION, DISTRIBUTION, ETC. (IMPRINT)
Place of publication, distribution, etc. London :
Name of publisher, distributor, etc. Elsevier
Date of publication, distribution, etc. 2023
300 ## - PHYSICAL DESCRIPTION
Extent xi, 586 p.
650 #0 - SUBJECT ADDED ENTRY--TOPICAL TERM
Topical term or geographic name as entry element Human anatomy.
650 #0 - SUBJECT ADDED ENTRY--TOPICAL TERM
Topical term or geographic name as entry element Human physiology.
650 #0 - SUBJECT ADDED ENTRY--TOPICAL TERM
Topical term or geographic name as entry element Pathology.
650 #0 - SUBJECT ADDED ENTRY--TOPICAL TERM
Topical term or geographic name as entry element Nursing.
650 #0 - SUBJECT ADDED ENTRY--TOPICAL TERM
Topical term or geographic name as entry element Anatomy
General subdivision Nurses instruction.
650 #0 - SUBJECT ADDED ENTRY--TOPICAL TERM
Topical term or geographic name as entry element Physiology.
General subdivision Nurses instruction.
700 1# - ADDED ENTRY--PERSONAL NAME
Personal name Grant, Allison.
908 ## - PUT COMMAND PARAMETER (RLIN)
Put command parameter 100810
942 ## - ADDED ENTRY ELEMENTS (KOHA)
Source of classification or shelving scheme Library of Congress Classification
Koha item type General Collection
Edition 14th ed.
Classification part RT69
Item part .W38 2023
Holdings
Withdrawn status Lost status Source of classification or shelving scheme Not for loan Home library Current library Date acquired Cost, normal purchase price Total Checkouts Full call number Barcode Date last seen Date last checked out Price effective from Koha item type
    Library of Congress Classification   Kabarak, Main Campus Kabarak, Main Campus 24/10/2023 3793.00 6 RT69 .W38 2023 c.1 34371 02/12/2025 29/11/2025 24/10/2023 General Collection